Statystyki dla Milionerzy

Kliknij tutaj aby rozwiązać quiz!

Ogólne statystyki

  • Ten quiz został rozwiązany 205 razy
  • Średni wynik to 5 z 10

Statystyki odpowiedzi

ZagadnienieOdpowiedź% Poprawnych
Które państwo leży w Australii i Oceani?Mikronezja
75%
Największy Bundesland Niemiec pod względem powierzchniBawaria
74%
Jak nazywa się stolica Grenlandii?Nuuk
73%
Svalbard należy do:Norwegii
72%
Które z tych państw nie posiada Terytoriów Zależnych :Niemcy
56%
Stolica BhutanuThimphu
46%
Stolica SvalbarduLongyearbyen
37%
Stolica PalauNgerulmud
37%
Jakie to 3 Największe miasta niemiec w kolejności od Największego do NajmniejszegoBerlin, Hamburg, Monachium
35%
Najmniejsze państwo Ameryki PółnocnejSaint Kitts i Nevis
34%

Rozkład punktacji

Percentyl według liczby udzielonych odpowiedzi

Procent ludzi z każdym wynikiem

Twoja historia wyników

Nie rozwiązałeś tego quizu